000 00267nam a22001097a 4500
008 160520b xxu||||| |||| 00| 0 eng d
020 _a0312255438
041 _aeng
080 _a778.5
245 _aThe bedford introduction to drama:
_cLee A. Jacobus;
942 _2udc
_cBK
999 _c2325
_d2325